000 00814nam a2200265 i 4500
001 67290
003 ES-MaACL
005 20230906170031.0
007 t|
008 040517s2003 sp ||||1| spa d
020 _a84-8008-145-7
080 _a7:33
080 _a351.85
100 1 _aAlbi Ibáñez, Emilio.
_919375
245 1 0 _aEconomía de las artes y política cultural /
_cEmilio Albi Ibáñez.
260 _aMadrid :
_bInstituto de Estudios Fiscales,
_c[2003]
300 _a204 p. ;
_c24 cm.
490 1 _aEstudios de hacienda pública
504 _aBibliografía : p. 193-200.
650 1 4 _aArte-
_xAspectos económicos.
_910076
650 1 4 _aPolítica cultural.
_916290
830 0 _aEstudios de hacienda pública
_9183173
852 _aES-MaACL
_jL-27536
_bR.133849
999 _c67290
_d67290